Départements Limitrophes Du Maine-et-Loire - Statistiques

Statistiques générales
  • Ce quiz a été pris 91 fois
  • Le résultat moyen est 7 sur 8
Statistiques - réponses
Départements % Correct
Loire-Atlantique
100%
Sarthe
97%
Mayenne
95%
Vendée
95%
Indre-et-Loire
87%
Deux-Sèvres
85%
Vienne
85%
Ille-et-Vilaine
70%
Aucun quiz correspondant
Distribution des résultats
% des personnes avec chaque résultat
Percentile par nombre de réponses
Votre historique - résultats
Vous n’avez pas pris ce quiz